The Sociology Of Development: The Impasse And Beyond (Record no. 607402)

MARC details
000 -LEADER
fixed length control field 00495nam a22001817a 4500
008 - FIXED-LENGTH DATA ELEMENTS--GENERAL INFORMATION
fixed length control field 260107b |||||||| |||| 00| 0 eng d
020 ## - INTERNATIONAL STANDARD BOOK NUMBER
ISBN Routledge
Paper back/Hardbound hbk
041 ## - LANGUAGE CODE
Language code of text/sound track or separate title eng
082 ## - DEWEY DECIMAL CLASSIFICATION NUMBER
Classification number 301
Item number KIE
100 ## - MAIN ENTRY--AUTHOR NAME
Personal name Kiely, Ray
245 ## - TITLE STATEMENT
Title The Sociology Of Development: The Impasse And Beyond
Statement of responsibility, etc Ray Kiely
260 ## - PUBLICATION, DISTRIBUTION, ETC. (IMPRINT)
Place of publication Oxon
Name of publisher Routledge
Year of publication 2006
300 ## - PHYSICAL DESCRIPTION
Number of Pages 195 p.
Dimensions 22 cm.
504 ## - BIBLIOGRAPHY, ETC. NOTE
Bibliography, etc Includes index
650 ## - SUBJECT ADDED ENTRY--TOPICAL TERM
Topical Term Third World Industrialization; Marxicism
942 ## - ADDED ENTRY ELEMENTS (KOHA)
Koha item type English Books
Holdings
Withdrawn status Lost status Damaged status Not for loan Home library Current library Shelving location Date acquired Full call number Accession Number Price effective from Koha item type
        Anna Centenary Library Anna Centenary Library 3RD FLOOR, B WING 23.08.2010 301 KIE 176559 07.01.2026 English Books

Find us on the map